Constitución política de la República de Chile aprobada por Decreto 1.104 de 28 de Julio de 1994, del Ministerio de Justicia
Enregistré dans:
| Format: | Livre |
|---|---|
| Langue: | espagnol |
| Publié: |
Santiago
Jurídica
1995
|
| Édition: | 5a. ed |
| Sujets: | |
| Tags: |
Ajouter un tag
Pas de tags, Soyez le premier à ajouter un tag!
|
MARC
| LEADER | 00000nam a2200000 a 4500 | ||
|---|---|---|---|
| 001 | UCY5212 | ||
| 003 | CL-VaPUC | ||
| 008 | 950419e19950000CL |||||||||||||||||spa|d | ||
| 082 | 0 | 4 | |a 342.83 |b CON |2 21 |
| 245 | 1 | 0 | |a Constitución política de la República de Chile aprobada por Decreto 1.104 de 28 de Julio de 1994, del Ministerio de Justicia |
| 250 | |a 5a. ed | ||
| 300 | |a 827 p | ||
| 942 | |c BK | ||
| 945 | |d 19950419 00:00:00 |a aalvarez | ||
| 260 | |a Santiago |b Jurídica |c 1995 | ||
| 500 | |a Apéndice actualizado a enero de 1995 | ||
| 650 | 7 | |a CONSTITUCIONALIDAD |2 CL-VaPUC |9 255951 | |
| 650 | 0 | |a Jurisprudencia |9 255952 | |
| 650 | 0 | |a Derecho constitucional |9 222588 | |
| 651 | 7 | |a CHILE |2 CL-VaPUC |9 333867 | |
| 583 | |a last modification |c 20130926 04:53:47 |k Rodrigo Vera | ||
| 999 | |c 232915 |d 232913 | ||
| 952 | |0 0 |1 0 |2 ddc |4 0 |6 342_830000000000000_CON_1995 |7 0 |8 FOND_LRYV |9 237907 |a BIBDER |b BIBDER |d 2019-11-18 |i 3078019 |o 342.83 CON 1995 |p 3078019 |r 2023-01-25 |w 2019-11-18 |y BK_X |k DER | ||
| 952 | |0 0 |1 0 |2 ddc |4 0 |6 342_830000000000000_CON_1995 |7 0 |8 FOND_LRYV |9 237908 |a BIBDER |b BIBDER |d 2019-11-18 |i 3087107 |o 342.83 CON 1995 |p 3087107 |r 2023-01-25 |w 2019-11-18 |y BK_X |k DER | ||